Statistiques concernant Quiz sur le San Theodoros

Cliquez ici pour prendre le quiz!

Statistiques générales

  • Ce quiz a été pris 46 fois
  • Le résultat moyen est 9 sur 16

Statistiques - réponses

QuestionRéponse% Correct
Généraux se disputant le pouvoirGénéral A{lcazar}
92%
Général T{apioca}
90%
Langue officielleEspagnol
82%
Le San Theodoros étant particulièrement pauvre, une grande
partie de sa population vit dans ce genre d'habitations précaires
Bidonville
74%
Pays européen soutenant ce dernierBordurie
72%
Fête attirant des touristes de tous pays se
déroulant en février au San Theodoros
Carnaval
72%
Le San Theodoros est un des pays qui consomme
le plus de ce genre de boisson par habitant
Alcool
67%
Biome recouvrant la majeure partie du paysForêt vierge
67%
Tapiocapolis
62%
Civilisation antique à l'origine de pyramides theodoriennesPaztèque
49%
Alcazaropolis
33%
Région convoitée par ces deux pays pour ses ressourcesGran C{hapo}
33%
Pays frontalier ennemiNuevo Rico
31%
Capitale et ville la plus peuplée
(trois noms)
Las Dopicos
18%
Compagnie aérienne theodorienneSantaero
8%
Fleuve traversant le paysBadurayal
3%

Distribution des résultats

Percentile par nombre de réponses

% des personnes avec chaque résultat

Votre développement - résultats

Vous n’avez pas pris ce quiz